| 000 | 01411nam a22002897a 4500 | ||
|---|---|---|---|
| 005 | 20101206113148.0 | ||
| 008 | 101206t xxu||||| |||| 00| 0 hin d | ||
| 010 | _aHIN-93293 | ||
| 020 |
_c250.00 _a8188855529 |
||
| 035 | _aHN-65639 | ||
| 037 | _bDBAD/PUB | ||
| 040 |
_aDPL _bHN |
||
| 082 | _a363.7 | ||
| 100 |
_924598 _aअग्रवाल, ओम प्रभात |
||
| 245 |
_aअब समंदर खतरे में हैं / _cओम प्रभात अग्रवाल |
||
| 246 |
_aab samandar khatre main hain _bby Om Prabhat Aggarwal |
||
| 260 |
_aदिल्ली _bरचना प्रकाशन _c2011 |
||
| 270 |
_bदिल्ली _a1586/1ई, नवीन शाहदरा _e110032 |
||
| 300 |
_a144पृ. _c22सेमी (सजिल्द) _bसचित्र |
||
| 500 | _aआमजन में नवीनतम वैज्ञानिक सोच और पर्यावरणीय चिंता को आंदोलित करते विज्ञानपरक लेखों का संग्रह | ||
| 650 | _91169 | ||
| 650 | _929580 | ||
| 700 | _924599 | ||
| 700 | _924924 | ||
| 942 |
_2ddc _cHN _mअग्रवा _h363.7 |
||
| 999 |
_c54093 _d54093 |
||